000 00713cam a22002053a 4500
001 44312
003 PGUSA
005 20140828084018.0
008 131130s2013||||xxu|||||s|||||000 | eng d
040 _aPGUSA
_beng
042 _adc
100 1 _aBryce, George,
_d1844-1931
245 1 4 _aThe Remarkable History of the Hudson's Bay Company :
_bIncluding that of the French Traders of North-Western Canada and of the North-West, XY, and Astor Fur Companies
_h[electronic resource] /
_cGeorge Bryce
260 _bProject Gutenberg,
_c2013
506 _aPublic domain in the USA.
516 _aElectronic text
830 0 _aProject Gutenberg
_v44312
856 4 0 _uhttp://www.gutenberg.org/ebooks/44312
942 _cEB
999 _c273563
_d273563